00429nam a2200181 u 45000010006000000050017000060080041000230350010000640350021000740400013000950410008001080820008001161000039001242450021001632500010001842600035001943000018002291383320260506071137.0960313s1942 spa  a13833 a(OCoLC)777978068 ccomduadb aspa 4a86310aSobrino, Jose Antonio de4auteaut10aBuscando su vida a03.ED aBarcelona :bEscelicer,c1942. a168 páginas